[Event "Titled Tue 17th Jun Early"]
[Site "chess.com INT"]
[Date "2025.06.17"]
[Round "1"]
[White "Howell, David W L"]
[Black "Urbina Perez, Juan Antonio"]
[Result "1-0"]
[WhiteTitle "GM"]
[BlackTitle "FM"]
[WhiteElo "2668"]
[BlackElo "2221"]
[WhiteFideId "410608"]
[BlackFideId "2217368"]
[EventDate "2025.06.17"]

1. d4 d5 2. Bf4 e6 3. e3 Bd6 4. Nd2 Bxf4 5. exf4 Ne7 6. c3 b6 7. Ngf3 O-O 8. a4
Ba6 9. Bxa6 Nxa6 10. O-O c5 11. Re1 cxd4 12. Nxd4 Rc8 13. N2f3 Nc6 14. f5 Nxd4
15. Nxd4 exf5 16. Nxf5 Rc7 17. Qd4 f6 18. Re3 Nc5 19. Rae1 g6 20. Ne7+ Kg7 21.
Nxd5 Rd7 22. Re7+ Rf7 23. Qxf6+ Kh6 24. Qh4+ Kg7 25. Qf6+ Kh6 26. Qxf7 Rxd5 27.
Qxh7+ Kg5 28. h4+ Kf4 29. Qf7+ Rf5 30. Qc4+ 1-0

[Event "Titled Tue 17th Jun Early"]
[Site "chess.com INT"]
[Date "2025.06.17"]
[Round "1"]
[White "Melillo, Lucius"]
[Black "Yevchenko, Oleksandr"]
[Result "0-1"]
[WhiteTitle "FM"]
[BlackTitle "CM"]
[WhiteElo "2170"]
[BlackElo "2276"]
[WhiteFideId "30958245"]
[BlackFideId "14108267"]
[EventDate "2025.06.17"]

1. d4 Nf6 2. c4 e6 3. Bf4 d5 4. cxd5 exd5 5. Nc3 c6 6. e3 Bf5 7. Nge2 Be7 8. Ng3
Bg6 9. h4 h5 10. Bd3 Bxd3 11. Qxd3 g6 12. f3 Nbd7 13. Rc1 O-O 14. Bg5 Nh7 15.
Bxe7 Qxe7 16. Kf2 Rfe8 17. Nge2 Nhf6 18. Nf4 Kg7 19. g3 Rac8 20. Rhe1 Nf8 21. e4
dxe4 22. fxe4 Ng4+ 23. Kg2 Ne6 24. Rf1 Rcd8 25. Nxe6+ Qxe6 26. Rf4 Ne5 27. Qe3
Nc4 28. Qf2 Re7 29. e5 c5 30. Ne4 Qd5 0-1

[Event "Titled Tue 17th Jun Early"]
[Site "chess.com INT"]
[Date "2025.06.17"]
[Round "1"]
[White "Shapiro, Daniel"]
[Black "Jaiveer, Mahendru"]
[Result "0-1"]
[WhiteTitle "FM"]
[BlackTitle "FM"]
[WhiteElo "2284"]
[BlackElo "2217"]
[WhiteFideId "2001780"]
[BlackFideId "25611151"]
[EventDate "2025.06.17"]

1. d4 Nf6 2. c4 c6 3. Nf3 d5 4. Qb3 g6 5. Bg5 Bg7 6. e3 O-O 7. Nbd2 a5 8. Bd3 a4
9. Qc2 Nbd7 10. a3 Qc7 11. Bf4 Qa5 12. O-O Nh5 13. Bg5 e5 14. cxd5 cxd5 15. dxe5
Nxe5 16. Nxe5 Bxe5 17. Be7 Re8 18. Bb4 Qd8 19. Nf3 Bb8 20. h3 Qf6 21. Qc3 Qd8
22. Qd4 Ba7 23. Bc5 Bxc5 24. Qxc5 Be6 25. Rfd1 Re7 26. Be2 Rc7 27. Qd4 Nf6 28.
Rd2 Ne4 29. Rdd1 Qe7 30. Bd3 Nc5 31. Bb5 Nb3 32. Qb6 Nxa1 33. Rxa1 Rac8 34. Nd4
Qf6 35. Bxa4 Rc1+ 36. Rxc1 Rxc1+ 37. Kh2 Qe5+ 38. g3 Qe4 39. g4 Rh1+ 40. Kg3
Rg1+ 41. Kh4 Rxg4+ 0-1

[Event "Titled Tue 17th Jun Early"]
[Site "chess.com INT"]
[Date "2025.06.17"]
[Round "1"]
[White "Goh, Zi Han"]
[Black "Jakubowski, Krzysztof"]
[Result "0-1"]
[WhiteTitle "FM"]
[BlackTitle "GM"]
[WhiteElo "2275"]
[BlackElo "2448"]
[WhiteFideId "5819156"]
[BlackFideId "1112848"]
[EventDate "2025.06.17"]

1. c4 Nf6 2. Nf3 b6 3. g3 Bb7 4. Bg2 c5 5. O-O g6 6. Nc3 Bg7 7. b3 O-O 8. Bb2 d5
9. cxd5 Nxd5 10. Qc1 e5 11. Nxd5 Qxd5 12. Qc2 Nc6 13. a3 Rad8 14. d3 Nd4 15.
Bxd4 exd4 16. Nh4 Qd7 17. Bxb7 Qxb7 18. b4 Rc8 19. bxc5 Rxc5 20. Qd2 Rfc8 21.
Rfc1 Rc3 22. Nf3 Qa6 23. a4 Qa5 24. Qb2 Bh6 25. Rxc3 dxc3 26. Qc2 b5 27. e3 b4
28. Nd4 Bf8 29. Nb3 Qf5 30. Rc1 h5 31. d4 Qd5 32. e4 Qc4 33. Rd1 Qc6 34. d5 Qxa4
35. Ra1 Qd7 36. Ra6 Qb7 37. Ra5 Qb6 38. e5 Bg7 39. d6 Bxe5 40. Rxe5 Qxd6 41. Rb5
Re8 42. f3 Re3 43. Kf2 Rxf3+ 44. Kxf3 Qc6+ 45. Qe4 Qxb5 46. Qa8+ Kg7 47. Qxa7
Qd5+ 48. Kf2 Qxb3 49. Qd4+ Kh7 50. Qc5 Qb2+ 51. Kf3 c2 52. Qc4 Qc3+ 0-1

[Event "Titled Tue 17th Jun Early"]
[Site "chess.com INT"]
[Date "2025.06.17"]
[Round "1"]
[White "Sakmak, Kutay"]
[Black "Golsefidy, Sepehr"]
[Result "0-1"]
[WhiteTitle "CM"]
[WhiteElo "2158"]
[BlackElo "2080"]
[WhiteFideId "44581939"]
[BlackFideId "30973368"]
[EventDate "2025.06.17"]

1. e4 e5 2. Nf3 d5 3. exd5 Bd6 4. d4 e4 5. Qe2 Nf6 6. Nc3 O-O 7. Ne5 Bf5 8. Bg5
c6 9. dxc6 Nxc6 10. O-O-O h6 11. Bh4 Bb4 12. Bxf6 Qxf6 13. Nxe4 Bxe4 14. Qxe4
Rfe8 15. f4 Rad8 16. c3 Ba5 17. Bd3 g6 18. Rhf1 Kg7 19. g4 Rc8 20. g5 hxg5 21.
fxg5 Qxg5+ 22. Kb1 Nxe5 23. dxe5 Rxe5 24. Qxb7 Rc7 25. Qb3 Re6 26. Qc2 Rb6 27.
c4 Qe5 28. h4 Rcb7 29. b3 Bc3 30. h5 a5 31. hxg6 fxg6 32. Rg1 a4 33. Rxg6+ Rxg6
34. Bxg6 axb3 35. axb3 Qa5 36. Qa2 Qxa2+ 37. Kxa2 Kxg6 38. Rd3 Be5 39. Ka3 Kf5
40. b4 Ke4 41. Rd8 Bd4 42. c5 Kd3 43. c6 Rc7 44. b5 Kc4 45. Ka4 Ra7# 0-1

[Event "Titled Tue 17th Jun Early"]
[Site "chess.com INT"]
[Date "2025.06.17"]
[Round "1"]
[White "Lyutsinger, Iren"]
[Black "Samunenkov, Ihor"]
[Result "1-0"]
[WhiteTitle "FM"]
[BlackTitle "GM"]
[WhiteElo "2261"]
[BlackElo "2562"]
[WhiteFideId "34425969"]
[BlackFideId "14187086"]
[EventDate "2025.06.17"]

1. e4 c6 2. d4 d5 3. e5 Bf5 4. h4 h5 5. Bd3 Bxd3 6. Qxd3 Qa5+ 7. Nd2 e6 8. Nf3
Nh6 9. O-O Nf5 10. a4 Qa6 11. c4 Bb4 12. b3 c5 13. Qb1 Nxd4 14. Nxd4 cxd4 15.
cxd5 exd5 16. Nf3 O-O 17. Bb2 Bc3 18. Bxc3 dxc3 19. Ng5 Qg6 20. Qd1 Nc6 21. f4
Qf5 22. Qxd5 Rfd8 23. Qc4 Nd4 24. Rad1 Qd7 25. Kh2 Rac8 26. Rxd4 Rxc4 27. Rxd7
Rxd7 28. bxc4 Rd4 29. f5 Rxh4+ 30. Kg1 Rxc4 31. e6 f6 32. e7 Rc8 33. Rd1 1-0

[Event "Titled Tue 17th Jun Early"]
[Site "chess.com INT"]
[Date "2025.06.17"]
[Round "1"]
[White "Di Nicolantonio, Lucas"]
[Black "Gurel, Ediz"]
[Result "0-1"]
[WhiteTitle "IM"]
[BlackTitle "GM"]
[WhiteElo "2413"]
[BlackElo "2636"]
[WhiteFideId "680460"]
[BlackFideId "44507356"]
[EventDate "2025.06.17"]

1. d4 Nf6 2. Nf3 b6 3. e3 Bb7 4. Bd3 e6 5. Nbd2 c5 6. e4 cxd4 7. Nxd4 d6 8. O-O
Be7 9. b3 O-O 10. Bb2 Nbd7 11. c4 Nc5 12. Qe2 Nxd3 13. Qxd3 a6 14. a4 Qc7 15. f4
Nd7 16. f5 Nc5 17. Qg3 Bf6 18. fxe6 Bxd4+ 19. Bxd4 Nxe6 20. Bb2 Rae8 21. Kh1 Kh8
22. Rae1 f6 23. Ba3 Nc5 24. Re3 Re6 25. Rfe1 Rfe8 26. Qf4 Qe7 27. a5 bxa5 28. h3
h6 29. Kh2 Qf7 30. Qf5 Re5 31. Qf4 Qg6 32. Qg3 Rg5 33. Qf2 Nxe4 34. Nxe4 Rxe4
35. Rxe4 Bxe4 36. g4 f5 37. Qf4 Qf6 38. Qxd6 Qc3 39. Qf8+ Kh7 40. Re2 Qf3 41.
Rd2 Qf4+ 42. Kg1 Qxd2 0-1

[Event "Titled Tue 17th Jun Early"]
[Site "chess.com INT"]
[Date "2025.06.17"]
[Round "1"]
[White "Alonso, Raphael V. P. Patricio"]
[Black "Aradhya, Garg"]
[Result "0-1"]
[BlackTitle "IM"]
[WhiteElo "2130"]
[BlackElo "2370"]
[WhiteFideId "2108585"]
[BlackFideId "25006746"]
[EventDate "2025.06.17"]

1. Nf3 d5 2. b3 c5 3. e3 Nc6 4. Bb2 Nf6 5. d4 Bg4 6. Be2 e6 7. O-O Rc8 8. c4
dxc4 9. bxc4 Be7 10. h3 Bh5 11. Nc3 Bxf3 12. Bxf3 cxd4 13. exd4 Nxd4 14. Bxb7
Rc7 15. Ba6 O-O 16. Nb5 Rc6 17. Bb7 Rb6 18. Bxd4 Rxb7 19. Bxa7 Qa8 20. Be3 Rc8
21. Qb3 Rd7 22. a4 Qe4 23. Rfc1 Rd3 24. Qc2 Rxe3 25. fxe3 Qxe3+ 26. Qf2 Bc5 27.
Qxe3 Bxe3+ 28. Kf1 Bxc1 29. Rxc1 Ne4 30. a5 Rxc4 31. Rxc4 Nd2+ 32. Ke2 Nxc4 33.
a6 Kf8 34. a7 Nb6 35. Nc7 Ke7 36. Ke3 Kd7 37. Ne8 Kxe8 0-1

[Event "Titled Tue 17th Jun Early"]
[Site "chess.com INT"]
[Date "2025.06.17"]
[Round "1"]
[White "Dann, Matthias"]
[Black "Brozynski, Patryk"]
[Result "1-0"]
[WhiteTitle "IM"]
[BlackTitle "CM"]
[WhiteElo "2446"]
[BlackElo "2192"]
[WhiteFideId "24638056"]
[BlackFideId "2512700"]
[EventDate "2025.06.17"]

1. e4 c6 2. d4 d5 3. exd5 cxd5 4. Bd3 Nc6 5. c3 Nf6 6. Bf4 Bg4 7. Qb3 Qd7 8. Nd2
e6 9. Ngf3 Bd6 10. Be5 O-O 11. O-O Bxf3 12. Nxf3 Bxe5 13. dxe5 Ne4 14. Qc2 f5
15. exf6 Nxf6 16. Rfe1 Qd6 17. Qe2 Rae8 18. Ne5 Nxe5 19. Qxe5 Qxe5 20. Rxe5 Nd7
21. Re2 e5 22. Bb5 Rf7 23. Rd1 a6 24. Ba4 Rc8 25. Bb3 Re7 26. Bxd5+ Kf8 27. Bxb7
Rb8 28. Bxa6 Nc5 29. Bc4 e4 30. g3 Na4 31. Rdd2 g6 32. Bd5 Rd8 33. c4 Nb6 34.
Rd4 Re5 35. Rdxe4 Rxe4 36. Rxe4 Nxd5 37. cxd5 Rxd5 38. Rb4 Ra5 39. a4 Ke7 40. h4
Kf6 41. b3 Rc5 42. Kg2 Rd5 43. Rb5 Rd3 44. a5 Rd1 45. b4 Ra1 46. Rb6+ Kf5 47. a6
g5 48. hxg5 Kxg5 49. b5 h5 50. Rb7 h4 51. gxh4+ Kg4 52. a7 Ra3 53. b6 Kxh4 54.
Rb8 Ra5 55. a8=Q Rg5+ 56. Kf1 Kh5 57. Rh8+ Kg4 58. Qe4# 1-0

[Event "Titled Tue 17th Jun Early"]
[Site "chess.com INT"]
[Date "2025.06.17"]
[Round "1"]
[White "Norowitz, Yaacov"]
[Black "Chan, Mark"]
[Result "0-1"]
[WhiteTitle "IM"]
[BlackTitle "FM"]
[WhiteElo "2400"]
[BlackElo "2179"]
[WhiteFideId "2024799"]
[BlackFideId "5800560"]
[EventDate "2025.06.17"]

1. d4 d5 2. Nf3 Nf6 3. c3 e6 4. Bf4 c5 5. e3 Qb6 6. Qc2 Nc6 7. Nbd2 Be7 8. Be2
O-O 9. Ne5 Nxe5 10. Bxe5 Bd7 11. O-O Rac8 12. Qb3 c4 13. Qc2 Be8 14. b3 cxb3 15.
axb3 a6 16. c4 Bd6 17. Bxd6 Qxd6 18. c5 Qe7 19. Nf3 Nd7 20. b4 e5 21. b5 exd4
22. exd4 axb5 23. Rfe1 Qf6 24. Bxb5 Nb8 25. Bd3 g6 26. Ne5 Nc6 27. Qb2 Nxe5 28.
Rxe5 Bc6 29. Qd2 Rfe8 30. f4 Ra8 31. Rae1 Rxe5 32. fxe5 Qh4 33. Qf2 Qxf2+ 34.
Kxf2 Ra4 35. Ke3 Kf8 36. Rb1 Ra3 37. Kd2 Ra2+ 38. Bc2 Ba4 39. Rc1 Ke7 40. Kc3
Bxc2 41. Rxc2 Rxc2+ 42. Kxc2 Ke6 43. g4 h5 44. h3 f6 45. gxh5 gxh5 46. exf6 Kxf6
47. Kd3 Kg5 48. Ke3 Kh4 49. Kf4 Kxh3 50. Ke5 Kg3 51. Kxd5 h4 52. Ke6 h3 53. d5
h2 54. d6 h1=Q 55. d7 Qc6+ 56. Ke7 Qxc5+ 0-1

[Event "Titled Tue 17th Jun Early"]
[Site "chess.com INT"]
[Date "2025.06.17"]
[Round "1"]
[White "Szpar, Milosz"]
[Black "Hasman, Cengiz"]
[Result "1-0"]
[WhiteTitle "IM"]
[WhiteElo "2495"]
[BlackElo "2079"]
[WhiteFideId "1184989"]
[BlackFideId "413364"]
[EventDate "2025.06.17"]

1. e4 d6 2. d4 Nf6 3. Bd3 Nbd7 4. Nf3 e5 5. c3 Be7 6. O-O c5 7. Re1 O-O 8. Nbd2
Qc7 9. Nf1 a6 10. Ng3 Re8 11. h3 Bf8 12. Be3 b6 13. a4 Bb7 14. d5 g6 15. c4 Bg7
16. Qd2 a5 17. Ra3 Nb8 18. Bh6 Bh8 19. Bb1 Na6 20. Nh4 Bc8 21. Rf3 Nd7 22. Ngf5
Nf8 23. Qg5 f6 24. Qg3 Nb4 25. Ree3 Kf7 26. Qg4 gxf5 27. exf5 Ke7 28. Qg8 Ba6
29. Qxh8 Kd7 30. b3 Qd8 31. Rg3 Re7 32. Rg8 Rf7 33. Be4 Qe7 34. Bf3 Nc2 35. Bh5
Nxe3 36. fxe3 e4 37. Bxf7 Qxf7 38. Rg7 Ke7 39. Rxf7+ Kxf7 40. Qg7+ Ke8 41. Qxf8+
Kd7 42. Qxa8 1-0

[Event "Titled Tue 17th Jun Early"]
[Site "chess.com INT"]
[Date "2025.06.17"]
[Round "1"]
[White "Yonal, Timur"]
[Black "Lyakh, Vasiliy"]
[Result "0-1"]
[WhiteTitle "FM"]
[WhiteElo "2170"]
[BlackElo "2123"]
[WhiteFideId "44115725"]
[BlackFideId "14189828"]
[EventDate "2025.06.17"]

1. e4 c5 2. Nf3 e6 3. d4 cxd4 4. Nxd4 Nc6 5. Nc3 Qc7 6. Be3 a6 7. Be2 b5 8. a3
Bb7 9. O-O Nf6 10. f3 Ne5 11. Qd2 Be7 12. Kh1 O-O 13. Rad1 Rfd8 14. f4 Nc4 15.
Bxc4 Qxc4 16. e5 Ne4 17. Nxe4 Bxe4 18. f5 exf5 19. Nxf5 Bxf5 20. Rxf5 d6 21.
exd6 Rxd6 22. Rd5 Rad8 23. Rxd6 Rxd6 24. Qc1 Re6 25. Bg5 f6 26. Bf4 Re2 27. c3
Qe4 28. Rg1 Bc5 29. Qd1 Bxg1 30. Qd8+ Qe8 31. Qd5+ Qe6 32. Qd8+ Kf7 33. Kxg1
Rxb2 34. Qc7+ Qe7 0-1

[Event "Titled Tue 17th Jun Early"]
[Site "chess.com INT"]
[Date "2025.06.17"]
[Round "1"]
[White "Tovmasian, Vardges"]
[Black "Safin Safarullakhan"]
[Result "1-0"]
[WhiteTitle "IM"]
[BlackTitle "CM"]
[WhiteElo "2352"]
[BlackElo "2028"]
[WhiteFideId "13302736"]
[BlackFideId "33379475"]
[EventDate "2025.06.17"]

1. e4 e6 2. d4 d5 3. Nc3 Nf6 4. Bg5 dxe4 5. Nxe4 Be7 6. Bxf6 Bxf6 7. Nf3 O-O 8.
Nxf6+ Qxf6 9. Bd3 b6 10. Be4 c6 11. g4 Rd8 12. g5 Qf4 13. Qd3 g6 14. h4 Ba6 15.
Qe3 Qxe3+ 16. fxe3 Nd7 17. Bxc6 Rac8 18. Bxd7 Rxd7 19. Ne5 Rdc7 20. c3 b5 21. a3
Bb7 22. O-O a5 23. Nd3 Be4 24. Nc5 Bd5 25. b4 a4 26. e4 Bc4 27. Rf4 Re8 28. Rd1
e5 29. Rf2 exd4 30. cxd4 Bb3 31. Rdd2 Bc4 32. d5 Rd8 33. Rf6 Re7 34. Kf2 Ree8
35. Kg3 Re7 36. Kf4 Ree8 37. Rb6 Re7 38. Rb7 Rxb7 39. Nxb7 Rd7 40. Nc5 Rd8 41.
Ke5 Kf8 42. Rf2 Ke8 43. Kd4 Ke7 44. Rf6 Ke8 45. Rb6 Ke7 46. Rb7+ Ke8 47. Na6 1-0

[Event "Titled Tue 17th Jun Early"]
[Site "chess.com INT"]
[Date "2025.06.17"]
[Round "1"]
[White "Kezin, Roman"]
[Black "Jacobsen, Mikkel Manosri"]
[Result "1-0"]
[WhiteTitle "IM"]
[BlackTitle "FM"]
[WhiteElo "2471"]
[BlackElo "2223"]
[WhiteFideId "24124621"]
[BlackFideId "1444514"]
[EventDate "2025.06.17"]

1. Nf3 d5 2. b3 Nf6 3. Bb2 e6 4. g3 b6 5. Bg2 Bb7 6. O-O Nbd7 7. c4 Bd6 8. d4
O-O 9. Nc3 a6 10. cxd5 exd5 11. Rc1 Re8 12. Rc2 Ne4 13. Qc1 f5 14. e3 Qf6 15.
Ba3 c5 16. dxc5 bxc5 17. Rd1 Qe6 18. Ne2 g5 19. Bb2 h6 20. Ne1 Re7 21. Nd3 Rae8
22. b4 c4 23. Nd4 Qf7 24. Ne1 Bxb4 25. Nef3 Bd6 26. Ba1 Kh7 27. Ne2 Ndc5 28. Ne1
Bc6 29. Nc3 Na4 30. Nxe4 fxe4 31. Rxc4 dxc4 32. Rxd6 Bb5 33. Nc2 Rd7 34. Rf6 Qd5
35. Nd4 Rc8 36. Qd1 Rf7 37. Re6 Nc5 38. Qg4 Re8 39. Rb6 Ref8 40. Qh5 Rf6 41.
Rxf6 Rxf6 42. h4 gxh4 43. Qxd5 1-0

[Event "Titled Tue 17th Jun Early"]
[Site "chess.com INT"]
[Date "2025.06.17"]
[Round "1"]
[White "Andreikin, Dmitry"]
[Black "Atis, Hasan"]
[Result "1-0"]
[WhiteTitle "GM"]
[BlackTitle "CM"]
[WhiteElo "2695"]
[BlackElo "2089"]
[WhiteFideId "4158814"]
[BlackFideId "44598017"]
[EventDate "2025.06.17"]

1. e4 c5 2. Nf3 e6 3. d4 cxd4 4. Nxd4 Nc6 5. Nc3 Qc7 6. Be2 a6 7. Be3 b5 8. Nxc6
dxc6 9. f4 Bb7 10. Bf3 c5 11. O-O Rd8 12. Qe2 Nf6 13. e5 Nd5 14. Nxd5 Bxd5 15.
Rad1 Be7 16. Bxd5 Rxd5 17. Rxd5 exd5 18. Qf3 d4 19. Bc1 O-O 20. Qe4 f5 21. Qd5+
Kh8 22. Qe6 c4 23. Qxa6 Rb8 24. Qe6 Rf8 25. Qd5 Qb6 26. Kh1 Bc5 27. Re1 Rd8 28.
Qf3 Qa5 29. Rd1 Qxa2 30. e6 Qa6 31. Re1 Be7 32. h3 h6 33. Qh5 Rf8 34. Bd2 b4 35.
Qe2 Qc6 36. Bc1 Rd8 37. Qe5 Rd5 38. Qb8+ Kh7 39. Qa7 Qd6 40. Qb7 d3 41. cxd3
Rxd3 42. Qb5 Rd4 43. Qxf5+ Kh8 44. Qh5 c3 45. bxc3 bxc3 46. f5 Bf6 47. Bxh6 c2
48. Bxg7+ Kxg7 49. Qf7+ Kh8 50. Qxf6+ Kh7 51. Qg6+ Kh8 52. e7 Qxe7 53. Qh6+ 1-0

[Event "Titled Tue 17th Jun Early"]
[Site "chess.com INT"]
[Date "2025.06.17"]
[Round "1"]
[White "Tikhonov, Viacheslav"]
[Black "Salinas Herrera, Pablo"]
[Result "1-0"]
[WhiteTitle "CM"]
[BlackTitle "GM"]
[WhiteElo "2183"]
[BlackElo "2447"]
[WhiteFideId "44196407"]
[BlackFideId "3407128"]
[EventDate "2025.06.17"]

1. e4 c5 2. Nf3 e6 3. b3 Nc6 4. Bb2 a6 5. g3 Nf6 6. e5 Nd5 7. Bg2 Be7 8. O-O O-O
9. c4 Nc7 10. d4 cxd4 11. Nxd4 Nxe5 12. Nxe6 dxe6 13. Bxe5 Ne8 14. Nc3 Qa5 15.
Qe2 Nf6 16. Rac1 Rd8 17. Rfd1 Rxd1+ 18. Rxd1 h6 19. h4 Ra7 20. Bb8 Ra8 21. Be5
Ne8 22. Na4 Ra7 23. Bb8 Ra8 24. Be5 f6 25. Bc3 Qc7 26. Bd4 Bd7 27. Nb6 Rc8 28.
Bh3 Rd8 29. Nxd7 Rxd7 30. Bxe6+ 1-0

[Event "Titled Tue 17th Jun Early"]
[Site "chess.com INT"]
[Date "2025.06.17"]
[Round "1"]
[White "Klukin, Kirill"]
[Black "Rodriguez, Santiago"]
[Result "1-0"]
[WhiteTitle "IM"]
[BlackTitle "CM"]
[WhiteElo "2401"]
[BlackElo "2252"]
[WhiteFideId "24199273"]
[BlackFideId "3000591"]
[EventDate "2025.06.17"]

1. d4 Nf6 2. Nf3 e6 3. e3 d5 4. Bd3 c5 5. b3 Nc6 6. O-O Bd6 7. Bb2 O-O 8. Nbd2
b6 9. Ne5 Bb7 10. f4 Rc8 11. a3 Ne7 12. Qf3 Rc7 13. Qh3 Ne4 14. Bxe4 dxe4 15.
Ndc4 cxd4 16. Bxd4 b5 17. Nxd6 Qxd6 18. Ng4 f6 19. Rad1 Qxa3 20. Nxf6+ gxf6 21.
Qxe6+ Kg7 22. Qg4+ Kf7 23. Qh5+ Kg8 24. Ra1 Qd6 25. Qg4+ Kf7 26. Rfd1 a6 27. Be5
Qxd1+ 28. Rxd1 fxe5 29. fxe5 Ng6 30. Rd7+ Rxd7 31. Qxd7+ Kg8 32. Qxb7 Nxe5 33.
Qxe4 Re8 34. Qb7 Re6 35. Qc8+ Kf7 36. h3 h5 37. Qb7+ Kf6 38. Qh7 Rc6 39. Qxh5
Rxc2 40. Qh4+ Ke6 41. Qe4 Rc1+ 42. Kh2 a5 43. Qb7 Rc5 44. Qb6+ Kd5 45. e4+ Kd4
46. Qd6+ 1-0

[Event "Titled Tue 17th Jun Early"]
[Site "chess.com INT"]
[Date "2025.06.17"]
[Round "1"]
[White "Bardyk, Artem"]
[Black "Arencibia Monduy, Antonio"]
[Result "1-0"]
[WhiteTitle "FM"]
[BlackTitle "CM"]
[WhiteElo "2260"]
[BlackElo "2115"]
[WhiteFideId "34349979"]
[BlackFideId "3507939"]
[EventDate "2025.06.17"]

1. e4 e6 2. d4 d5 3. Nc3 dxe4 4. Nxe4 Nd7 5. g3 Ngf6 6. Nxf6+ Nxf6 7. Bg2 Be7 8.
Nf3 O-O 9. O-O Rb8 10. Ne5 Nd7 11. Qe2 Nxe5 12. dxe5 b6 13. Bc6 Bg5 14. f4 Bh6
15. Rd1 Qe7 16. Be3 Bb7 17. Rd7 Qe8 18. Qc4 Bxc6 19. Qxc6 Rc8 20. Rad1 f6 21.
exf6 Rxf6 22. Bd4 Rf7 23. Be5 Rxd7 24. Rxd7 Qg6 25. Re7 Rf8 26. Qxe6+ Qxe6 27.
Rxe6 c5 28. c4 g6 29. Re7 Rf7 30. Rxf7 Kxf7 31. Bb8 Bg7 32. Bxa7 Bxb2 33. Bxb6
Bd4+ 34. Kg2 Ke6 35. a4 Kd7 36. a5 Kc6 37. Kf3 Bg1 38. h3 Kb7 39. g4 Kc6 40. f5
gxf5 41. gxf5 Bd4 42. Ke4 h5 43. Bd8 Bc3 44. f6 Bxf6 45. Bxf6 1-0

[Event "Titled Tue 17th Jun Early"]
[Site "chess.com INT"]
[Date "2025.06.17"]
[Round "1"]
[White "Kosakowski, Jakub"]
[Black "Bodemar, Jonathan"]
[Result "1-0"]
[WhiteTitle "GM"]
[BlackTitle "CM"]
[WhiteElo "2548"]
[BlackElo "2150"]
[WhiteFideId "1185080"]
[BlackFideId "6205488"]
[EventDate "2025.06.17"]

1. e4 e6 2. d4 d5 3. Bd3 dxe4 4. Bxe4 Nf6 5. Bf3 Bd6 6. Ne2 O-O 7. O-O Nbd7 8.
Ng3 c5 9. Be3 cxd4 10. Bxd4 Qc7 11. Nc3 a6 12. Qe2 e5 13. Be3 Re8 14. Rad1 Rb8
15. Ba7 Ra8 16. Be3 Rb8 17. Nce4 Bf8 18. Nxf6+ Nxf6 19. Bg5 Be7 20. Rfe1 h6 21.
Bc1 Bc5 22. c3 a5 23. Ne4 Nxe4 24. Bxe4 Be6 25. Bb1 Qb6 26. Qc2 g6 27. Bxh6 Bf5
28. Qe2 Bxb1 29. Rxb1 a4 30. h4 Rbd8 31. h5 gxh5 32. Be3 Bxe3 33. fxe3 Qg6 34.
Rf1 Rd6 35. Rf2 Qxb1+ 36. Kh2 Qg6 37. Rf3 Qh6 38. Qb5 Rde6 39. Qxb7 R8e7 40.
Qa8+ Kh7 41. Qxa4 e4 42. Rf4 Qg5 43. Qd4 Rg6 44. Rf2 Qe5+ 45. Qxe5 Rxe5 46.
Rxf7+ Rg7 47. Rf4 Reg5 48. Rf2 Ra7 49. b4 Rc7 50. Rc2 Rd5 51. c4 Rd3 52. b5 Rxe3
53. b6 Rc8 54. c5 Ra3 55. b7 e3 56. bxc8=Q 1-0

[Event "Titled Tue 17th Jun Early"]
[Site "chess.com INT"]
[Date "2025.06.17"]
[Round "1"]
[White "Mompel Ferruz, Xavier"]
[Black "Sychev, Klementy"]
[Result "0-1"]
[WhiteTitle "FM"]
[BlackTitle "GM"]
[WhiteElo "2342"]
[BlackElo "2513"]
[WhiteFideId "54585775"]
[BlackFideId "4114060"]
[EventDate "2025.06.17"]

1. e4 e5 2. Nf3 Nc6 3. Bb5 a6 4. Ba4 Nge7 5. O-O Ng6 6. d4 exd4 7. Nxd4 Nxd4 8.
Qxd4 b5 9. Bb3 Bb7 10. Bd5 c6 11. Re1 d6 12. a4 cxd5 13. exd5+ Be7 14. Qxg7 Bxd5
15. Bg5 Kd7 16. Bxe7 Nxe7 17. Qd4 Rg8 18. g3 Be6 19. Nc3 Nc6 20. Qe4 Qg5 21.
Rad1 Qf5 22. Qe3 Kc7 23. Ne4 Rgd8 24. a5 Nxa5 25. Qa3 Nc4 26. Qc3 Qe5 27. Qb4
Qxb2 28. Qxb2 Nxb2 29. Rd4 Nc4 30. Nf6 a5 31. Rb1 Rdb8 32. Ne4 a4 33. Nc3 Kc6 0-1

[Event "Titled Tue 17th Jun Early"]
[Site "chess.com INT"]
[Date "2025.06.17"]
[Round "1"]
[White "Montano Vicente, Guadalupe"]
[Black "Panin, Mikhail"]
[Result "1-0"]
[BlackTitle "CM"]
[WhiteElo "1938"]
[BlackElo "2255"]
[WhiteFideId "5181399"]
[BlackFideId "34164992"]
[EventDate "2025.06.17"]

1. d4 Nf6 2. c4 g6 3. Nc3 Bg7 4. e4 d6 5. h3 O-O 6. Be3 Nc6 7. d5 Nb4 8. a3 Na6
9. Nf3 Re8 10. Nd2 e6 11. Bd3 exd5 12. cxd5 Nc5 13. Bc2 c6 14. O-O cxd5 15. exd5
Bd7 16. b4 Nce4 17. Ndxe4 Nxe4 18. Nxe4 Bf5 19. f3 Rc8 20. Ra2 a6 21. Bd4 Bxe4
22. fxe4 Bh6 23. Qf3 Qe7 24. Bf6 Qd7 25. Bd3 b5 26. Raf2 Rc7 27. g4 Rec8 28. Qg3
Bf8 29. h4 h6 30. h5 g5 31. Qf3 Rc1 32. e5 Rxf1+ 33. Bxf1 dxe5 34. Qe4 Qe7 35.
Bxe7 Bxe7 36. Bd3 1-0

[Event "Titled Tue 17th Jun Early"]
[Site "chess.com INT"]
[Date "2025.06.17"]
[Round "1"]
[White "Gales, Randi-Ioan"]
[Black "Jimenez Carrazoni, Marta Elena"]
[Result "0-1"]
[WhiteTitle "CM"]
[BlackTitle "WCM"]
[WhiteElo "2243"]
[BlackElo "1968"]
[WhiteFideId "1285360"]
[BlackFideId "54765102"]
[EventDate "2025.06.17"]

1. d4 Nf6 2. c4 c5 3. d5 b5 4. cxb5 a6 5. Nc3 g6 6. e4 d6 7. Nf3 Bg7 8. a4 O-O
9. Bf4 Nbd7 10. Be2 axb5 11. Bxb5 Ba6 12. Nd2 Ne8 13. O-O Bxb5 14. axb5 Nc7 15.
Rxa8 Qxa8 16. Nc4 Bxc3 17. bxc3 Nxb5 18. Qd3 Rb8 19. e5 dxe5 20. Nxe5 Nxe5 21.
Bxe5 Nd6 22. Re1 Rd8 23. c4 Qa6 24. Rc1 Ra8 25. h4 Qa3 26. Qd2 Qa2 27. Ra1 Qxa1+
28. Bxa1 Rxa1+ 29. Kh2 Ra4 30. Qe3 Kf8 31. Qxc5 Rxc4 32. Qb6 Rxh4+ 33. Kg3 Rd4
34. Qa7 Rd3+ 35. Kh2 Rd2 36. Qa8+ Kg7 37. Qc6 Re2 38. Qa6 Rxf2 39. Qa7 Re2 40.
Qa6 Re5 41. Qd3 f6 42. Qd4 h5 43. Qc5 Ne4 44. Qc6 Nf2 45. d6 Ng4+ 46. Kg3 exd6
47. Qc7+ Kh6 48. Qxd6 Re3+ 49. Kf4 g5+ 50. Kf5 Re5+ 51. Qxe5 fxe5 52. Ke4 Kg6
53. g3 Kf6 54. Kd5 Kf5 55. Kc4 Nf2 56. Kc3 Kg4 57. Kd2 Kxg3 58. Ke3 h4 59. Ke2
h3 60. Kf1 h2 61. Ke2 h1=Q 62. Ke3 Qf3+ 63. Kd2 Qd3+ 64. Ke1 Qd1# 0-1